|
|
|
|
| LEADER |
00000nam0a2200000 4500 |
| 001 |
370629 |
| 005 |
20231102012311.0 |
| 035 |
|
|
|a (RuTPU)RU\TPU\retro\28038
|
| 090 |
|
|
|a 370629
|
| 100 |
|
|
|a 20220719d1920 km y0rusy50 ca
|
| 101 |
0 |
|
|a rus
|
| 102 |
|
|
|a RU
|
| 105 |
|
|
|a a z 000zy
|
| 200 |
1 |
|
|a Метрическая система мер и весов
|
| 210 |
|
|
|a Петроград
|c Типо-литография Редакции специальных технических и экономических изданий Нар. Ком. Пут. Сообщ.
|d 1920
|
| 215 |
|
|
|a 40 с.
|c ил.
|
| 606 |
1 |
|
|a Меры
|x Таблицы перевода
|2 stltpush
|3 (RuTPU)RU\TPU\subj\42215
|9 61904
|
| 610 |
1 |
|
|a метрические единицы
|
| 610 |
1 |
|
|a система мер
|
| 610 |
1 |
|
|a метрические меры
|
| 610 |
1 |
|
|a метрические таблицы
|
| 610 |
1 |
|
|a меры длины
|
| 610 |
1 |
|
|a меры поверхности
|
| 610 |
1 |
|
|a объем
|
| 610 |
1 |
|
|a весовые меры
|
| 610 |
1 |
|
|a переводные таблицы
|
| 610 |
1 |
|
|a применение
|
| 610 |
1 |
|
|a железные дороги
|
| 675 |
|
|
|a 531.7
|v 3
|
| 700 |
|
1 |
|a Каргин
|b Д. И.
|
| 712 |
0 |
1 |
|a РСФСР
|b Народный комиссариат путей сообщения
|b Редакция специальных технических и экономических изданий
|c (1917-1923)
|2 stltpush
|3 (RuTPU)RU\TPU\col\24797
|
| 801 |
|
1 |
|a RU
|b 63413507
|c 20220719
|
| 801 |
|
2 |
|a RU
|b 63413507
|c 20230623
|g RCR
|
| 942 |
|
|
|c BK
|